| 000 | 00515nam a2200205 a 4500 | ||
|---|---|---|---|
| 001 | 7933 | ||
| 003 | CO-ViMGA | ||
| 005 | 20230915225904.0 | ||
| 008 | 141112s2004 ck r 000 u spa d | ||
| 020 | _a9682422124 | ||
| 040 |
_aCO-ViMGA _bspa _cCO-ViMGA |
||
| 082 | 0 | 4 |
_aZORa _2ZORa _bZORa |
| 100 | 1 |
_aVasquez, Zoraida _911158 |
|
| 245 | 1 | 0 | _aEl acertijo de la esfinge |
| 260 | _aMexico Trillas 1987 | ||
| 300 | _a28.p.il. | ||
| 490 | _aLeyendas griegas | ||
| 650 | 1 | 4 |
_aCUENTOS INFANTILES _9487 |
| 942 |
_2ddc _cBK |
||
| 999 |
_c19774 _d19774 |
||